000
00292nam a2200121Ia 4500
008
190216s9999||||xx |||||||||||||| ||und||
100
_a
Bruce H Mahan
245
0
_a
College Chemistry
260
_b
Addison-Wesley Pbl: Co:
_c
1966
300
_a
666p
650
_a
Chemistry-Chemistry
942
_c
BK
999
_c
1959
_d
1959